| 000 | 01505nab a2200229 i 4500 | ||
|---|---|---|---|
| 001 | 768714001 | ||
| 003 | CO-MdFUSB | ||
| 005 | 20240514112930.0 | ||
| 008 | 240510t1970 sp ||||| |||| 00| 0 spa d | ||
| 040 |
_bspa _cCO-MdFUSB _dCO-MdFUSB |
||
| 041 | _aspa | ||
| 100 |
_aHäring, Bernhard, _eautor |
||
| 245 |
_aAtención pastoral a los divorciados y a los casados inválidamente _c/ Bernhard Häring |
||
| 520 | _aLa atención pastoral a los casados inválidamente no debe entenderse en el sentido estricto de llevarlos a los sacramentos. Lo primero es promover la vida religiosa, fortalecer la fe en Dios y el amor cristiano. No se trata sólo de fortalecer su matrimonio, sino también de reconocer el amor que puede acercarlos a Dios. Al confesar su falta de matrimonio, instan a otros a evitar el divorcio o el matrimnio posterior. Pueden dar un buen ejemplo educando bien a sus hijos. Pueden participar activamente en las actividades caritativas y de apostolado de la iglesia. Impulsado por la humildad, un celoso ministerio pastoral no discrimina a nadie y anima a todos los creyentes a tener la misma actitud. | ||
| 650 | 2 |
_aConciencia (Moral) _9927 |
|
| 650 | 7 |
_aMatrimonio _9300 |
|
| 650 | 0 |
_aDivorcio _9786 |
|
| 653 | _aMatrimonio como institución | ||
| 773 | 0 |
_049450 _982618 _oR2545 _tRevista internacional de teología Concilium _w(CO-MdFUSB)8 _x0210-1041 _gNúmero 55, (mayo, 1970), páginas: 283 - 291 _qpágina: 283 |
|
| 942 | _cANA | ||
| 945 | _aCatherine Arias Alvarez - Practicante SENA | ||
| 999 |
_c69678 _d69678 |
||